00682 a2200193 45000010006000000050017000060080041000230030015000640400040000790800068001192450022001870200018002092640028002273000023002555050147002780410008004251000025004337000030004585439420260407155816.0260407a1973 arg spa dAR-UNSa-BCEJYS aAR-UNSa-BCEJYSbspacAR-UNSa-BCEJYS a336.1xFinanzas Públicas. Finanzas del gobierno en general 10aSistemas fiscales a84-03-18227-9 1aMadrid :bAguilarc1973 ali, 390 p.c20 cm. a1. Sector público y sistemas económicos - 2. Sector público y desarrollo económico - 3. El sector público en una economía abierta  aspa1 aMusgrave, Richard A.1 aFuentes Quintana, Enrique